Composición y riqueza de escarabajos coprófagos (Coleoptera: Scarabaeidae: Scarabaeinae) en un gradiente altitudinal de selva húmeda tropical del Parque Nacional Natural Catatumbo-Barí (Norte de Santander), Colombia (Registro nro. 16334)
[ vista simple ]
| 000 -CABECERA | |
|---|---|
| Campo de control | 007840000a22001930004500 |
| 090 ## - CLASIFICACIÓN LOCAL | |
| Colección | SERIADAS |
| 044 ## - PAÍS DE PUBLICACIÓN | |
| País de publicación | |
| 041 0# - IDIOMA | |
| Código de idioma para texto/pista de sonido o título separado | |
| 100 1# - ASIENTO PRINCIPAL--NOMBRE PERSONAL | |
| Nombre personal | Esparza León, Andrea C. |
| 245 10 - MENCION DE TITULO | |
| Título | Composición y riqueza de escarabajos coprófagos (Coleoptera: Scarabaeidae: Scarabaeinae) en un gradiente altitudinal de selva húmeda tropical del Parque Nacional Natural Catatumbo-Barí (Norte de Santander), Colombia |
| 651 #4 - ASIENTO SECUNDARIO DE MATERIA - NOMBRE GEOGRAFICO | |
| -- | Norte de Santander |
| 700 1# - ASIENTO SECUNDARIO - NOMBRE PERSONAL | |
| Nombre personal | Amat García, Germán D. |
| 773 1# - Item fuente: | |
| Título | Actualidades biológicas |
| Descripción física | 87 |
| Paginas del Articulo | 181-192 |
| Lugar, editorial y fecha de publicación | 2007 |
| Información sobre la relación | 29 |
| 942 ## - ELEMENTOS ADICIONALES (KOHA) | |
| Tipo de ítem | Artículo |
No hay ítems disponibles.